000 00817nam a2200253Ia 4500
003 OSt
005 20220930194421.0
006 a|||||r|||| 00| 0
007 ta
008 220926b |||||||| |||| 00| 0 eng d
024 _a12752
037 _cDissertations
040 _aCRL
_cCRL
_beng
041 _2eng
_aeng
100 _aSarkar A.K.
110 _aUniversity of Delhi. Faculty of Medical Sciences. Department of Anaesthesiology
245 0 _aMedivent ventilator expandable as a complete anaesthesia machine
260 _c1993
650 _aANESTHETICS
_9519569
700 _a Dr T K Mitra Supervisor
_9559927
700 _aUniversity of Delhi. Faculty of Medical Sciences. Department of Anaesthesiology
942 _cDIS
_2CC
999 _c897693
_d897693